[Event "FIDE-Wch k.o."]
[Site "New Delhi/Teheran"]
[Date "2000.12.12"]
[Round "6.1"]
[White "Shirov, Alexei"]
[Black "Grischuk, Alexander"]
[Result "1-0"]
[WhiteElo "2746"]
[BlackElo "2606"]
[Annotator "Ftacnik,L"]
[PlyCount "87"]
[EventDate "2000.11.27"]
[EventType "k.o."]
[EventRounds "7"]
[EventCountry "IND"]
[SourceTitle "CBM 080"]
[Source "ChessBase"]
[SourceDate "2001.01.25"]
[SourceVersion "1"]
[SourceVersionDate "2001.01.25"]
[SourceQuality "1"]

1. e4 e5 2. Nf3 Nc6 3. Bb5 Nf6 4. O-O Bc5 5. Nxe5 Nxe4 6. Qe2 Nxe5 7. d4 Be7 8.
Qxe4 Ng6 9. f4 c6 10. Bd3 d5 11. Qe2 f5 12. Nd2 O-O 13. Nf3 Nh8 {xe4} 14. Bd2
a5 {Grischuk is opposing the development of the opponent's dark squared bishop
to ideal square b4.} (14... Nf7 15. Rae1 Bf6 16. Bb4 Nd6 17. Qd1 $14) 15. c4
Nf7 16. cxd5 (16. c5 b6 17. cxb6 $14) 16... cxd5 17. Rac1 Bf6 (17... Nd6 18.
Rc5 $1 Ne4 19. Rxd5 $18) 18. b4 a4 (18... axb4 19. Bxb4 Re8 20. Ne5 $14) 19. b5
Re8 20. Ne5 Nd6 21. Bb4 Ne4 22. Bxe4 dxe4 (22... fxe4 23. g4 $13) 23. Rfd1 Be6
24. d5 $1 Bd7 $2 {This modest retreal of the bishop is so unfortunate, that
white immediatelly gets decisive advantage.} (24... Rc8 $1 25. dxe6 (25. Rxc8
Bxc8 26. Nc4 $14) 25... Rxc1 26. Rxc1 Qd4+ 27. Kh1 Qxb4 28. Qh5 g6 29. Nxg6 Qd6
(29... Qb2 30. Rg1 Qxa2 31. g4 $16) 30. Nh4 (30. Qxf5 Qxe6 31. Qxe6+ Rxe6 32.
f5 Rb6 $15) 30... Qxe6 31. Nxf5 Rc8 $14) 25. Nc6 $1 Qc8 (25... bxc6 26. dxc6
$18) (25... Qb6+ 26. Bc5 Qc7 27. d6 Qc8 28. Ne7+ Bxe7 29. dxe7 $18) 26. Ne7+
Bxe7 27. Rxc8 Raxc8 28. Bxe7 Rxe7 29. d6 Rf7 (29... Re6 30. Qe3 Bxb5 31. Qb6
Bd7 32. Qxb7 Rd8 33. Kf2 e3+ 34. Ke2 Be8 35. Rd5 Bh5+ 36. Ke1 $18) 30. Rd5 Rc1+
31. Kf2 Rf8 32. Re5 Rfc8 (32... Rc3 33. Re7 Rf7 34. Qd1 Rd3 35. Qxa4 $18) 33.
Re7 $1 R1c2 34. Rxd7 {[%mdl 4096] The rook endgame is exceptionally bad for
black because of the strong d6 pawn and active white pieces.} Rxe2+ 35. Kxe2 b6
(35... Rc2+ 36. Ke1 Rxa2 37. Rxb7 Ra1+ 38. Kd2 Ra2+ 39. Kc3 Ra3+ 40. Kd4 Rd3+
41. Kc5 e3 42. b6 a3 43. Rc7 a2 44. b7 $18) 36. Rb7 Rc2+ 37. Ke3 Rc3+ 38. Kd4
Rd3+ 39. Ke5 e3 40. Ke6 h6 (40... e2 $2 41. Rb8#) 41. Re7 Rd4 (41... e2 42.
Re8+ Kh7 43. Kd7 Rd2 44. Kc7 Rxa2 45. d7 Rc2+ 46. Kxb6 Rd2 47. Rxe2 Rxd7 48.
Ra2 $18) 42. Kd7 Re4 43. Rxe4 fxe4 44. Ke7 (44. Ke7 e2 45. d7 e1=Q 46. d8=Q+
Kh7 47. Kf7 $18) 1-0

[Event "USA-ch"]
[Site "Long Beach"]
[Date "1993.??.??"]
[Round "5"]
[White "Wolff, Patrick G"]
[Black "Kaidanov, Gregory S"]
[Result "0-1"]
[WhiteElo "2585"]
[BlackElo "2640"]
[Annotator "Ftacnik,L"]
[PlyCount "90"]
[EventDate "1993.12.??"]
[EventType "tourn"]
[EventRounds "11"]
[EventCountry "USA"]
[EventCategory "14"]
[SourceTitle "CBM 039"]
[Source "ChessBase"]
[SourceDate "1994.04.01"]
[SourceVersion "1"]
[SourceVersionDate "1994.04.01"]
[SourceQuality "1"]

1. e4 e5 2. Nf3 Nc6 3. Bb5 Nf6 4. d3 (4. O-O Nxe4 5. d4 Nd6 6. Bxc6 dxc6 7.
dxe5 Nf5 8. Qxd8+ Kxd8) 4... d6 5. c4 g6 6. Nc3 Bg7 7. d4 exd4 8. Nxd4 Bd7 9.
Bxc6 bxc6 10. O-O O-O 11. Bg5 (11. f3) 11... h6 12. Bh4 Qb8 13. Qd2 (13. b3 Qb6
14. Nde2 Rfe8 $36) (13. Qb3 $2 g5 14. Bg3 Nxe4 $17) 13... Qb4 $1 14. Bxf6 (14.
b3 $2 Nxe4 15. Nxe4 Qxd2 16. Nxd2 Bxd4 $17) (14. Rac1 Nxe4 (14... Qxc4 15. Ncb5
$5 (15. Nd5 $2 Nxe4 $1)) 15. Nxe4 Qxd2 16. Nxd2 Bxd4 $17) 14... Bxf6 15. b3 a5
16. Rad1 Bg7 17. Qd3 Rfe8 18. Kh1 Qc5 19. Nde2 Re7 20. f4 f5 $1 (20... Rae8 21.
f5) 21. Ng3 Qa7 22. Qc2 Rae8 (22... Bxc3 $6 23. Qxc3 fxe4 24. Qf6 Re6 25. Qh4
Kh7 26. f5 $40) 23. exf5 Bxf5 24. Nxf5 gxf5 $17 25. Nb1 (25. Rd2 Re1 26. Rd1 (
26. Rdf2 $2 Bxc3 27. Qxc3 Qxf2) 26... Qe3 27. Nb1 Re4 $19) 25... Qc5 26. Nc3
Qb4 27. Na4 Re1 28. h3 Rxf1+ 29. Rxf1 Re1 30. Qf2 Rxf1+ 31. Qxf1 Qd2 32. Kh2 (
32. Qb1 Qxf4 $19) 32... Bd4 33. Kg3 Qxa2 34. Qf3 Qd2 35. h4 (35. Qxc6 Qe1+ 36.
Kh2 Bg1+ $19) 35... Qe1+ 36. Kh3 Qh1+ 37. Kg3 Qe1+ 38. Kh3 Qh1+ 39. Kg3 Bf6 40.
Qh5 (40. Qxc6 Bxh4+ 41. Kf3 Qd1+ $19) 40... Qe1+ 41. Kh3 Kg7 42. g4 Qf1+ 43.
Kg3 Bd4 44. Qxf5 Bf2+ 45. Kf3 Bg1+ (45... Bg1+ 46. Kg3 Qf2+ 47. Kh3 Qf3#) 0-1

[Event "Linares 11th"]
[Site "Linares"]
[Date "1993.??.??"]
[Round "13"]
[White "Timman, Jan H"]
[Black "Beliavsky, Alexander G"]
[Result "0-1"]
[WhiteElo "2635"]
[BlackElo "2610"]
[Annotator "Ftacnik,L"]
[PlyCount "74"]
[EventDate "1993.02.??"]
[EventType "tourn"]
[EventRounds "13"]
[EventCountry "ESP"]
[EventCategory "18"]
[SourceTitle "CBM 034"]
[Source "ChessBase"]
[SourceDate "1993.06.01"]
[SourceVersion "1"]
[SourceVersionDate "1993.06.01"]
[SourceQuality "1"]

1. e4 e5 2. Nf3 Nc6 3. Bb5 Nf6 4. O-O Bc5 5. Nxe5 Nxe5 6. d4 a6 7. dxe5 $146
axb5 8. exf6 Qxf6 9. Nc3 c6 10. Qd3 O-O 11. Be3 Bxe3 12. Qxe3 Re8 (12... b4 13.
e5 Qe7 14. Ne2 Re8 $15) 13. Qc5 d6 14. Qb4 Qf4 $1 15. a3 $2 (15. Rad1 d5 16.
Rfe1 Bg4 17. f3 Bh5 $10) 15... Re6 $1 16. Rad1 Rh6 17. g3 Qf3 18. Rd3 Qh5 19.
h4 g5 20. Rxd6 $2 (20. f3 gxh4 21. g4 $13) 20... Bh3 $1 21. e5 (21. Rxh6 Qf3
$19) 21... Rxd6 22. exd6 Qf3 23. Qe4 Qxe4 24. Nxe4 Bxf1 25. Kxf1 gxh4 26. gxh4
(26. g4 Kg7 27. Kg2 Kg6 28. Kh3 f5 29. gxf5+ Kxf5 30. f3 Rd8 31. Kxh4 Kf4 $19)
26... Rd8 27. Ke2 f5 28. Ng3 Rxd6 29. Nxf5 Rf6 30. Ng3 Rf4 31. h5 Kf7 32. Ke3
Rh4 33. Kf3 Kf6 34. Ke3 Kg5 35. Kf3 Rf4+ 36. Ke3 Kg4 37. Ke2 Rf3 0-1

[Event "Biel GM 51st"]
[Site "Biel"]
[Date "2018.07.30"]
[Round "8"]
[White "Svidler, Peter"]
[Black "Carlsen, Magnus"]
[Result "1/2-1/2"]
[WhiteElo "2753"]
[BlackElo "2842"]
[Annotator "Golubev,M"]
[PlyCount "72"]
[EventDate "2018.07.22"]
[EventType "tourn"]
[EventRounds "10"]
[EventCountry "SUI"]
[EventCategory "20"]
[SourceTitle "CBM 186"]
[Source "ChessBase"]
[SourceDate "2018.09.14"]
[SourceVersion "1"]
[SourceVersionDate "2018.09.14"]
[SourceQuality "1"]

1. e4 e5 2. Nf3 Nc6 3. Bb5 Nf6 4. d3 Bc5 5. Bxc6 dxc6 $8 6. Nbd2 {This is the
most common move, but no less than five other options also have been tried in
the practice of these players.} Be6 ({Instead,} 6... Bg4 7. h3 Bh5 {had been
played by Carlsen in his 2013 world championship match against Anand.}) 7. Qe2
$5 Nd7 8. Nb3 {Introduced by Caruana in a game against Navara in 2013.} Bb6 $5
9. Ng5 Nf8 $5 10. Be3 $146 ({In Caruana-Nakamura, Internet blitz 2017 there was
} 10. O-O Bxb3 11. axb3 f6 12. Nf3 Ne6 {, transposing also to Caruana-Kramnik,
Leuven blitz 2016.}) ({There is also} 10. Nxe6 Nxe6 $11) 10... Qe7 ({Engines
suggest} 10... Bd7 $5 {planning ...Ng6.}) 11. g3 ({Probably more accurate is} 
11. Nxe6 Nxe6 12. Qh5) 11... Bxb3 $5 12. axb3 f6 13. Nf3 Ne6 14. Bxb6 cxb6 15.
O-O a6 $1 {Instead of the banal 15...0-0, Carlsen prepares to castle long.} 16.
c3 ({Maybe} 16. Qe3 $5 {was worth trying.}) 16... O-O-O {If White had not
prepared d4 now, Black could get some attacking prospects on the kingside.} 17.
Rad1 Kb8 18. Qe3 Ka7 {True magic. The black king is completely safe on the
queenside. Black gradually gained some chances from what seemed to be a
completely equal position.} 19. d4 exd4 20. Nxd4 ({After} 20. cxd4 $6 Rhe8 {
White's pawns are vulnerable.}) 20... Nxd4 21. Rxd4 h5 $5 22. Rfd1 $5 Rxd4 23.
cxd4 ({After} 23. Rxd4 {Black plays} h4 ({or} 23... Qe6 24. b4 h4)) 23... h4
24. d5 ({A serious alternative was} 24. g4 {but there too some initiative is
with Black.}) 24... hxg3 25. hxg3 Qe5 (25... cxd5 $5 {is curious:} 26. exd5 (
26. Rxd5 g5 $1) 26... Qxe3 27. fxe3 Kb8 $1 {though I am not sure that Black
has any significant winning chances after} 28. d6 $5) 26. Qf3 ({Not} 26. dxc6
$4 Qh5 $1 $19) 26... cxd5 27. exd5 Qxb2 $6 ({Here} 27... Rd8 $1 28. Qd3 Qxb2
29. d6 Qe5 ({if} 29... Rd7 {, White plays} 30. Qf5 $1 Qxb3 31. Qxd7 Qxd1+ 32.
Kg2 $11 {with the inevitable draw, because the d6-pawn is too dangerous}) 30.
d7 Qe6 {was a better practical chance: Black plans to play, approximately, ...
Qc6, b5, b6, Kb7 at some point threatening with ...Rh8, or .. .a5-a4. At least,
White would have had to work for a draw.}) 28. d6 $1 Rd8 29. d7 Qc2 {Now White
uses the opportunity to place his rook actively, equalising.} 30. Rd6 $1 Qc5
31. Qd1 $1 $11 Qf5 32. Rd5 Qe4 33. Rd4 Qc6 34. Rd6 Qe4 35. Rd4 Qc6 36. Rd6 Qe4
1/2-1/2

[Event "World Cup"]
[Site "Khanty-Mansiysk"]
[Date "2007.11.25"]
[Round "1.2"]
[White "Hossain, Enamul"]
[Black "Eljanov, Pavel"]
[Result "1-0"]
[WhiteElo "2514"]
[BlackElo "2681"]
[Annotator "Grivas,E"]
[PlyCount "121"]
[EventDate "2007.11.24"]
[EventType "k.o."]
[EventRounds "7"]
[EventCountry "RUS"]
[SourceTitle "CBM 122"]
[Source "ChessBase"]
[SourceDate "2008.01.30"]
[SourceVersion "1"]
[SourceVersionDate "2008.01.30"]
[SourceQuality "1"]

1. e4 e5 2. Nf3 Nc6 3. Bb5 Nf6 4. d3 Bc5 5. Bxc6 {Not a very ambitious line,
but probably good enough to make 'Goliath' uncomfortable.} dxc6 6. Bg5 ({
White's other main options are: a)} 6. Be3 Bxe3 (6... Bd6 7. h3 Nd7 8. Nbd2 O-O
9. O-O c5 10. Nc4 $14 {Morozevich,A-Kramnik,V/Monte Carlo 2003}) (6... Qe7 7.
Bxc5 Qxc5 8. Nc3 Bg4 (8... O-O 9. Qd2 a5 10. O-O Qe7 11. Qg5 Re8 12. a4 h6 13.
Qe3 b6 $11 {Tiviakov,S-Topalov,V/Wijk aan Zee 2007}) (8... Be6 9. Qd2 h6 10.
O-O O-O 11. h3 Rad8 $11 {Zvjaginsev,V-Ganguly,S/Mallorca 2004}) 9. h3 Bxf3 10.
Qxf3 O-O 11. O-O-O a5 $13 {Sutovsky,E-Aronian,L/Caleta 2005}) 7. fxe3 Qe7 (7...
Bg4 8. h3 Bxf3 9. Qxf3 Nd7 10. Nc3 Qh4+ 11. Kd2 Qe7 12. Raf1 f6 13. g4 O-O-O
$11 {Sutovsky,E-Ivanchuk,V/Heraklion ETC 2007}) 8. Nbd2 (8. O-O Ng4 9. Qd2 f6
10. Nh4 g6 11. Nc3 Bd7 12. Rf3 f5 $13 {Sutovsky,E-Carlsen,M/Heraklion ETC 2007}
) 8... O-O 9. Qe2 Nd7 10. O-O a5 11. d4 c5 12. c3 b6 13. Qf2 Ba6 14. Rfe1 Rae8
15. Qg3 Kh8 16. Rad1 g6 17. h3 {Topalov,V-Anand,V/Monte Carlo 2003.}) ({b)} 6.
h3 Bd6 7. Nbd2 c5 8. Nc4 (8. b3 Nd7 9. Nc4 O-O 10. O-O Re8 11. Bb2 f6 12. Nfd2
Nf8 13. f4 exf4 14. Nxd6 cxd6 15. Rxf4 Be6 $11 {Malakhov,V-Naiditsch,A/
Sarajevo 2006}) 8... Nd7 9. O-O O-O 10. Bd2 Re8 11. a3 Nb8 12. b4 Nc6 13. c3 b5
$13 {Morozevich,A-Naiditsch,A/Sochi 2006.}) ({c)} 6. Qe2 Bg4 7. Nbd2 Nd7 8. h3
Bxf3 9. Nxf3 Qe7 10. c3 O-O 11. O-O Rfe8 12. Re1 Rad8 $11 {Radjabov,T-Topalov,
V/Morelia/Linares 2006.}) ({d)} 6. O-O Qe7 (6... Qd6 7. h3 Be6 8. Nc3 a6 9. Be3
Nd7 10. Bxc5 Nxc5 11. d4 exd4 12. Qxd4 Qxd4 13. Nxd4 O-O-O 14. Rad1 Rd6 15. Rd2
b5 16. Nxe6 {1/2-1/2 Smirin,I-Almasi,Z/Sibenik 2006}) 7. h3 h6 8. c3 O-O 9.
Nbd2 Bd6 10. d4 Nd7 11. Re1 c5 12. Nc4 cxd4 13. cxd4 Bb4 14. Re2 exd4 15. a3
Nb6 16. Nxb6 axb6 17. Rb1 d3 18. Qxd3 Rd8 19. Qc2 Bd6 20. e5 Bc5 21. b4 Bd4 22.
Nxd4 Rxd4 $11 {Smirin,I-Hracek,Z/Czech Rep. 2004.}) 6... Qd6 ({The alternative
is} 6... h6 7. Bh4 Bd6 8. Nbd2 c5 9. Nc4 Qe7 10. h3 O-O 11. g4 Qe6 12. Ne3 Nh7
$13 {Ivanchuk,V-Zhukova,N/Odessa 2006.}) 7. Nbd2 Be6 (7... Nd7 {is playable:}
8. Nc4 Qe6 9. O-O O-O $11 {Ivanchuk,V-Gyimesi,Z/Remagen 2006.}) 8. Nc4 $6 ({
A novelty but at the same time a dubious move. Previously White had tried} 8.
Bxf6 gxf6 9. Nc4 Qd7 10. Ne3 Rg8 11. Qd2 O-O-O 12. O-O-O b6 13. Kb1 Kb7 14. c3
{1/2-1/2 Sutovsky,E-Almasi,Z/Dresden 2007.}) 8... Bxc4 9. Bxf6 (9. dxc4 $2 Nxe4
$17 {.}) 9... Qxf6 10. dxc4 Qe6 ({Good enough is} 10... Rd8 11. Qe2 O-O $15 {.}
) 11. O-O Qxc4 $6 (11... O-O {keeps Black's game preferable due to the
presence of a strong bishop versus a weak knight. Black, by exchanging his
e5-pawn for the doubled white c4-pawn loses all his advantage as now White's
pawn-structure is preferable.}) 12. Nxe5 Qe6 13. Qh5 Bb6 14. Nf3 O-O 15. a4 a5
16. e5 $5 (16. Ng5 Qg6 17. Qxg6 hxg6 18. Rad1 $11 {.}) 16... h6 (16... f6 17.
Rfe1 Rad8 {was about equal but probably Black was seeking something more.}) 17.
b3 Rad8 18. Rae1 $6 ({Abandoning the open d-file cannot be a good sign in
White's game. Better was} 18. Rad1 $11 {.}) 18... Rd5 19. Nh4 $6 ({An
inaccuracy. White had to go for} 19. Re4 Rfd8 20. g3 Bc5 21. Kg2 {.}) 19... Re8
$1 20. Nf3 Red8 21. g3 Bc5 22. Kg2 Be7 23. Re3 Rc5 $1 24. Re2 $6 ({White
should avoid passive defence and he should rather try} 24. c4 b5 25. axb5 cxb5
26. cxb5 Rxb5 27. Ra1 Rxb3 28. Rxb3 Qxb3 29. Rxa5 $15 {.}) 24... Rc3 $1 {
Preparing the c5-c4 advance, destroying White's queenside pawn-structure.
Black starts to get on top.} 25. h3 c5 26. Rfe1 c4 27. bxc4 b6 28. Re4 c5 ({
Although the text-move cannot be considered bad,} 28... Bc5 29. R1e2 Ra3 {
seems to be excellent for Black.}) 29. Nh4 $6 ({White gets too optimistic
about his chances. An equal position arises after the natural} 29. Qg4 Qxg4 30.
hxg4 Rxc2 31. Rb1 Rb8 32. Ra1 $11 {.}) 29... Rxc2 30. Nf5 Bf8 $2 ({Small and
big inaccuracies are spread around by both players as none of them seemed to
be able to control his nerves. Good was} 30... Rdd2 $1 31. Nxe7+ Qxe7 32. Rf4
Qd7 $17 {.}) 31. Ne3 $1 Ra2 32. Nd5 {Now White's well-centralised knight gives
him enough compensation for the lost a4-pawn. White's activity on the kingside
was seriously underestimated by Black.} Rxa4 33. Nf4 $1 Qe8 34. e6 {Finally,
the white rooks are entering the battle.} fxe6 35. Qg4 Rd4 $6 ({Clearly better
was} 35... Qd7 36. Nxe6 Re8 37. Rf4 Rb8 38. Qg6 {with the initiative for White.
Black's last rank is 'crying out' for more protection, so he should not
exchange this valuable rook.}) 36. Nxe6 Rxe4 37. Rxe4 Qa8 (37... Qf7 38. Nd8 $1
Qf6 39. Qd7 Ra2 40. Rf4 Qe7 41. Qd5+ $18 {.}) 38. Kh2 $1 (38. Nxf8 $2 Qxf8 39.
Qg6 Ra2 $1 40. Re8 Rxf2+ $11 {.}) 38... b5 (38... Ra1 39. Nxg7 $1 Bxg7 40. Qg6
a4 41. Re8+ Qxe8 42. Qxe8+ Kh7 43. h4 a3 44. Kh3 a2 45. Qe4+ Kg8 46. Kg4 $18 {.
}) 39. Nxg7 $1 {Strategical superiority leads to nice and effective
combinations!} Bxg7 40. Re7 Qf8 41. Qe6+ Kh7 42. Qe4+ Kh8 43. Re8 Rxc4 44.
Rxf8+ Bxf8 45. Qe8 Kg8 46. Qxb5 Rd4 47. Qxa5 {White is clearly winning. He
will push his kingside pawns, allowing his king to enter the battle and he
will create mating threats. In the meantime the black c5-pawn cannot advance
too far.} c4 48. h4 Bg7 49. Kg2 Kh8 50. Qa8+ Kh7 51. Qc8 Bh8 52. g4 c3 53. g5
hxg5 54. hxg5 Bg7 55. Kg3 Be5+ 56. Kh3 Bg7 57. Qc5 Rd2 (57... Kg6 58. Kg3 c2
59. f4 Rd2 60. Kg4 Rg2+ 61. Kf3 Rh2 62. Qc6+ Kf7 63. f5 $18 {.}) 58. Kg4 Kh8
59. Qc8+ Kh7 60. g6+ $1 Kh6 (60... Kxg6 61. Qf5+ Kh6 62. Qh5# {.}) 61. Qf5 1-0

[Event "FIDE World Cup"]
[Site "Baku"]
[Date "2015.09.14"]
[Round "2.1"]
[White "Balogh, Csaba"]
[Black "So, Wesley"]
[Result "0-1"]
[WhiteElo "2657"]
[BlackElo "2760"]
[Annotator "Havasi,G"]
[PlyCount "134"]
[EventDate "2015.09.11"]
[EventType "k.o."]
[EventRounds "7"]
[EventCountry "AZE"]
[SourceTitle "CBM 169"]
[Source "ChessBase"]
[SourceDate "2015.11.10"]
[SourceVersion "1"]
[SourceVersionDate "2015.11.10"]
[SourceQuality "1"]

1. e4 e5 2. Nf3 Nc6 3. Bb5 Nf6 4. d3 Bc5 5. c3 O-O 6. O-O d6 7. h3 Ne7 8. Ba4 (
8. d4 {it is also hard to prove an advantage for White in the line} Bb6 9. Re1
Ng6 10. Nbd2 c6 11. Bf1 Re8) 8... a6 (8... Ng6 {is also good} 9. d4 Bb6 10. Re1
Bd7 11. Bc2 Re8 12. Nbd2 h6 13. Nc4 Bb5 14. Nfd2 exd4 15. Nxb6 axb6 16. cxd4 c5
17. d5 Nd7 18. Nf3 Qf6 $132 {1-0 (29) Karjakin,S (2756)-Khenkin,I (2612)
Antalya TUR 2013}) 9. Nbd2 Ba7 (9... Ng6 10. d4 (10. Re1 b5 11. Bb3 Bb7 12. Nf1
d5 $132 {1-0 (52) Malinovsky,K (2462)-Sergeyev,A (2368) Pardubice 2013}) 10...
Ba7 {transposes}) 10. d4 Ng6 11. Re1 c5 12. d5 (12. Bc2 {keeping the central
tension is also good:} b5 13. Nf1 cxd4 14. cxd4 Bb7 $132 {1/2 (31) Kobalia,M 
(2679)-Lysyj,I (2629) Khanty-Mansiysk 2011}) 12... c4 $1 (12... b5 13. Bc2 c4 {
transposes.}) (12... Nh5 {is also good} 13. c4 Nhf4 14. Nf1 Rb8 $132) 13. Bc2
b5 14. Nf1 Bd7 {Black has a slight advantage from the opening.} 15. Be3 Qc7 16.
N3h2 (16. Qd2 Rab8 $132) 16... a5 $1 {Black starts an attack on the Q-side.}
17. Ng4 $6 Nxe4 (17... Bxg4 $5 18. hxg4 Bxe3 19. Nxe3 h6 $15) 18. Bxe4 f5 19.
Bc2 fxg4 20. hxg4 (20. Bxg6 $1 {was important} hxg6 21. hxg4 Bxe3 22. Nxe3 Rf4
$132) 20... a4 (20... Nf4 $1 {is better to avoid Bxg6} 21. Ng3 a4 $132) 21. a3
(21. Bxg6 hxg6 22. a3 Bxe3 23. Nxe3 Rf4 24. Rf1 Raf8 25. Qe2 {is more or less
equal, but Black has some chances.}) 21... Ne7 $6 (21... Rf6 $1 {was very
strong with the plan of Raf8} 22. g5 Rf7 $132) 22. Bxa7 Qxa7 23. Ne3 Rf6 24. f3
$6 (24. Qd2 Raf8 25. Rf1 {is better.}) 24... Raf8 25. Be4 h6 (25... Be8 $1 $17
{was very strong, with the plan of Bg6} 26. Qe2 Bg6 27. Rf1 Bxe4 28. fxe4 Rxf1+
29. Rxf1 Rf4 $1 $17) 26. g3 (26. Qe2 $1 Be8 27. Rf1 Bg6 28. g3 $1 $11 {
Avoiding Bxe4 followed by Rf4, the motif we saw earlier.}) 26... Be8 27. Kg2 (
27. Qe2 Bg6 28. Rf1 {transposes to the previous line with Qe2.}) 27... Bg6 28.
Qe2 Qd7 29. Rf1 Qe8 30. Qc2 (30. Rae1 $11) 30... Bxe4 31. Qxe4 (31. fxe4 $1 $11
{is surprisingly better} Rxf1 32. Rxf1 Rxf1 33. Nxf1 Qg6 34. Ne3 Qg5 35. Qf2
$11) 31... Qg6 {Black wants to exchange Qs.} 32. Qxg6 Nxg6 33. Rf2 Ne7 $15 {
Black has a slight advantage.} 34. Raf1 g5 35. Rd2 Kf7 36. Rdd1 Ke8 37. Rd2 Kd7
38. Rff2 Kc7 $1 {This plan is very strong, to move the K to c5.} 39. Rf1 Kb6
40. Rdd1 Kc5 41. Rd2 R6f7 $1 42. Rdd1 Ng8 $1 {Planning Nf6 and e4.} 43. Rd2 (
43. Nf5 h5 $17) 43... Nf6 44. Rh1 Rh7 45. Rdd1 Rfh8 46. Rh2 h5 $1 {Black opens
the h-file, White's task is getting harder.} 47. gxh5 Rxh5 48. Rxh5 Rxh5 49.
Rd2 Rh8 50. Rd1 Rg8 51. Rd2 e4 $1 52. fxe4 Nxe4 53. Rd4 Nf6 $17 {Black has
succesfully finished his plan, the rest is just a matter of technique, because
Black is going to play Re8-e5.} 54. Ng4 Nxg4 55. Rxg4 Re8 56. Kf3 Re5 57. Re4
Rf5+ 58. Kg4 Rf2 59. Kxg5 Rxb2 60. g4 Rb3 61. Re3 Rxa3 62. Kf6 Ra1 63. Rf3 a3
64. g5 Rg1 65. Rf2 b4 66. cxb4+ Kxb4 67. Ke6 Kb3 0-1